[Event "FRA-chT2 0910"]
[Site "France"]
[Date "2009.10.04"]
[Round "1.7"]
[White "Barbaut, Michel"]
[Black "Gaffe, Yoann"]
[Result "1-0"]
[WhiteElo "2059"]
[BlackElo "1980"]
[PlyCount "67"]
[EventDate "2009.09.27"]
[EventType "team-tourn"]
[EventRounds "11"]
[EventCountry "FRA"]
[SourceTitle "EXT 2011"]
[Source "ChessBase"]
[SourceDate "2010.11.26"]
[SourceVersion "1"]
[SourceVersionDate "2010.11.26"]
[SourceQuality "1"]

1. e4 c5 2. d4 cxd4 3. c3 d3 4. Bxd3 Nc6 5. c4 g6 6. Nc3 Bg7 7. Nf3 d6 8. h3 Nf6 9. 0-0 0-0 10. Be3 Nd7 11. Rc1 Nc5 12. Bb1 Be6 13. b3 a5 14. Qe2 Qc8 15. Nd5 Ra6 16. e5 Bxd5 17. cxd5 Nb8 18. a3 Qd8 19. Bxc5 dxc5 20. Rxc5 b6 21. Rb5 Ra7 22. Rd1 Na6 23. Nd4 Nc7 24. Nc6 Nxb5 25. Qxb5 Qa8 26. Nxa7 Qxa7 27. f4 Qc7 28. Qc6 Qa7 29. Rc1 b5+ 30. Qc5 Qb8 31. Qc7 Qa8 32. Rc6 Rd8 33. Be4 Qb8 34. Qxa5 1-0

[Event "FRA-chT2 North 0607"]
[Site "France"]
[Date "2007.02.11"]
[Round "7.7"]
[White "Gaffe, Yoann"]
[Black "Salaun, Nicolas"]
[Result "1-0"]
[WhiteElo "2012"]
[BlackElo "2090"]
[PlyCount "101"]
[EventDate "2006.10.15"]
[EventType "team-tourn"]
[EventRounds "11"]
[EventCountry "FRA"]
[SourceTitle "EXT 2008"]
[Source "ChessBase"]
[SourceDate "2007.11.25"]
[SourceVersion "1"]
[SourceVersionDate "2007.11.25"]
[SourceQuality "1"]
[WhiteTeam "Gonfreville II"]
[BlackTeam "Maromme"]
[WhiteTeamCountry "FRA"]
[BlackTeamCountry "FRA"]

1. e4 c5 2. Nf3 a6 3. Nc3 Nc6 4. d4 cxd4 5. Nxd4 e6 6. g3 Bb4 7. Nxc6 dxc6 8. Qxd8+ Kxd8 9. Bd2 e5 10. f3 Be6 11. 0-0-0 Ke8 12. Na4 Be7 13. Be3 Rd8 14. Rxd8+ Kxd8 15. Nc5 Bc8 16. Bc4 Ke8 17. Nd3 Bd6 18. f4 exf4 19. gxf4 Nh6 20. Rg1 Kf8 21. h4 Ng4 22. Bd4 h5 23. f5 Be7 24. Ne5 Nxe5 25. Bxe5 Bf6 26. Bxf6 gxf6 27. Kd2 b5 28. Bb3 Bb7 29. Ke3 c5 30. a4 c4 31. Ba2 Bc6 32. axb5 axb5 33. b3 cxb3 34. Bxb3 Ke7 35. Rg7 Be8 36. Kd4 Kf8 37. Rg1 Ke7 38. Rg7 Kf8 39. Rg1 Ke7 40. Kc5 Bd7 41. Rg7 Be8 42. Bd5 Kf8 43. Rg1 Ke7 44. c3 Bd7 45. Rg7 Be8 46. Kd4 Kf8 47. Rg1 Ke7 48. Ra1 Rg8 49. Ra7+ Kf8 50. Ra8 Ke7 51. Bc6 1-0

[Event "FRA-chT2 North 0607"]
[Site "France"]
[Date "2006.10.15"]
[Round "1.7"]
[White "Gaffe, Yoann"]
[Black "Fernandez, David"]
[Result "0-1"]
[WhiteElo "2016"]
[BlackElo "2090"]
[PlyCount "56"]
[EventDate "2006.10.15"]
[EventType "team-tourn"]
[EventRounds "11"]
[EventCountry "FRA"]
[SourceTitle "EXT 2008"]
[Source "ChessBase"]
[SourceDate "2007.11.25"]
[SourceVersion "1"]
[SourceVersionDate "2007.11.25"]
[SourceQuality "1"]
[WhiteTeam "Gonfreville II"]
[BlackTeam "Bagneux"]
[WhiteTeamCountry "FRA"]
[BlackTeamCountry "FRA"]

1. e4 c5 2. Nf3 Nc6 3. d4 cxd4 4. Nxd4 e6 5. Nc3 Nf6 6. Bc4 Bb4 7. Nxc6 bxc6 8. e5 Qa5 9. Qd4 Bc5 10. Qf4 Nd5 11. Bxd5 cxd5 12. 0-0 Ba6 13. Rd1 Rb8 14. Qg3 g6 15. a3 Qc7 16. Qf4 Be7 17. h3 h5 18. Qg3 h4 19. Qe3 Rh5 20. Re1 Bc5 21. Qf4 Rf5 22. Qxh4 Bxf2+ 23. Qxf2 Rxf2 24. Kxf2 d4 25. Ne4 Qxc2+ 26. Bd2 Bd3 27. Nf6+ Ke7 28. Rad1 d6 0-1

[Event "Nantes op 4th"]
[Site "Nantes"]
[Date "2005.12.30"]
[Round "7"]
[White "Marchand, Francois"]
[Black "Gaffe, Yoann"]
[Result "1-0"]
[WhiteElo "2269"]
[BlackElo "2009"]
[PlyCount "43"]
[EventDate "2005.12.27"]
[EventType "swiss"]
[EventRounds "7"]
[EventCountry "FRA"]
[SourceTitle "CBM 110 Extra"]
[Source "ChessBase"]
[SourceDate "2006.03.10"]
[SourceVersion "2"]
[SourceVersionDate "2006.03.10"]
[SourceQuality "1"]

1. d4 d5 2. c4 e6 3. Nc3 c5 4. cxd5 cxd4 5. Qa4+ Bd7 6. Qxd4 exd5 7. Qxd5 Nc6 8. Nf3 Nf6 9. Qb3 Bc5 10. e3 Qe7 11. Be2 0-0-0 12. 0-0 g5 13. Rd1 g4 14. Nd4 h5 15. Bb5 Nxd4 16. exd4 Bd6 17. Bg5 Bxh2+ 18. Kxh2 g3+ 19. Kh1 Qd6 20. Bxd7+ Rxd7 21. Nb5 Qb6 22. Nxa7+ 1-0

[Event "Nantes op 4th"]
[Site "Nantes"]
[Date "2005.12.27"]
[Round "1"]
[White "Vachier Lagrave, Maxime"]
[Black "Gaffe, Yoann"]
[Result "1-0"]
[WhiteElo "2539"]
[BlackElo "2009"]
[PlyCount "61"]
[EventDate "2005.12.27"]
[EventType "swiss"]
[EventRounds "7"]
[EventCountry "FRA"]
[SourceTitle "CBM 110 Extra"]
[Source "ChessBase"]
[SourceDate "2006.03.10"]
[SourceVersion "2"]
[SourceVersionDate "2006.03.10"]
[SourceQuality "1"]

1. e4 c5 2. Nf3 Nc6 3. Bb5 Qc7 4. 0-0 Nf6 5. Re1 d6 6. Nc3 e6 7. d4 cxd4 8. Nd5 exd5 9. exd5+ Be7 10. Nxd4 Nxd5 11. Nxc6 bxc6 12. Qxd5 Bb7 13. Bg5 0-0 14. Rxe7 Qxe7 15. Bxe7 cxd5 16. Bxf8 Kxf8 17. Rd1 Ke7 18. f3 Rb8 19. h3 Rc8 20. Bd3 g6 21. Kf2 Kf6 22. Ke3 Bc6 23. Kd4 Rb8 24. c3 a5 25. Rb1 Ra8 26. a3 h5 27. Ra1 Ke6 28. b4 axb4 29. cxb4 Ba4 30. b5 Bb3 31. Kc3 1-0